000 00242nam a22000977a 4500
008 221018b |||||||| |||| 00| 0 eng d
020 _a9780753555644
100 _aVance Ashlee
_97587
245 _aElon Musk
260 _aLondon
_bVirgin Books
_c2015
999 _c12079
_d12079